00953naa#a2200181#i#4500001001600000005001700016011001400033100004100047102000700088200028400095210010300379215001000482608004500492675011200537700005200649700005200701856001800753RU\\bibl\12255720260703001404.5##a2227-1171##a20260630b2026####ek#y0rusy0150####ca##aRU1#aИСПОЛЬЗОВАНИЕ СПЕЦИАЛЬНЫХ ЗНАНИЙ ПРИ РАССЛЕДОВАНИИ ВОВЛЕЧЕНИЯ НЕСОВЕРШЕННОЛЕТНИХ В НЕЗАКОННЫЙ ОБОРОТ НАРКОТИКОВ В ИНТЕРНЕТ-СРЕДЕeЖурнальная статья1#aКазаньcКазанский юридический институт МВД Россииd2026##a7 с.##aЖурнальная статья2local##aТактика расследования отдельных видов преступлений. 343.985.7#1aГариповgТимур Ильгизович#1aПоздышевgРоман Сергеевич4#avestnikkui.ru